[Event "HZ Chess Tournament 2013"]
[Site "?"]
[Date "2013.08.06"]
[Round "5"]
[White "Beukema, Stefan"]
[Black "Brookes, Christopher"]
[Result "0-1"]
[WhiteElo "2321"]
[BlackElo "2112"]
[PlyCount "68"]
[EventDate "2013.??.??"]

1. Nf3 Nf6 2. c4 g6 3. Nc3 Bg7 4. e4 d6 5. d4 O-O 6. Be2 e5 7. O-O Nbd7 8. Be3
h6 9. h3 Nh5 10. Qd2 Kh7 11. dxe5 dxe5 12. Rfd1 c6 13. g4 Nf4 14. Bxf4 exf4 15.
Qxf4 Qe7 16. Qe3 Re8 17. Nd4 Nc5 18. f3 a5 19. Bf1 a4 20. Re1 Qe5 21. Rad1 g5
22. Nce2 Be6 23. f4 Qxe4 24. Qa3 Bxc4 25. Qxc5 Qe3+ 26. Kh2 Qf2+ 27. Bg2 Bd5
28. Qxd5 cxd5 29. Rf1 Rxe2 30. Nxe2 Qxe2 31. fxg5 hxg5 32. Rxd5 Rc8 33. Rd7 Rc2
34. Rg1 Bd4 0-1

[Event "HZ Chess Tournament 2013"]
[Site "?"]
[Date "2013.08.06"]
[Round "5"]
[White "Kampman, Tijmen"]
[Black "Afek, Yochanan"]
[Result "0-1"]
[WhiteElo "2126"]
[BlackElo "2315"]
[PlyCount "86"]
[EventDate "2013.??.??"]

1. c4 Nf6 2. g3 g6 3. Bg2 Bg7 4. Nc3 O-O 5. Nf3 d6 6. O-O e5 7. d3 Nh5 8. Rb1
f5 9. e3 c6 10. d4 e4 11. Ne1 a5 12. a3 Be6 13. b3 Bf7 14. Nc2 Nd7 15. Qd2 Qe7
16. a4 g5 17. Ba3 Ndf6 18. Rbe1 Bg6 19. f4 gxf4 20. gxf4 Kh8 21. Bh3 Ng4 22.
Bxg4 fxg4 23. Qg2 Bf5 24. Ne2 Bf6 25. Ng3 Ng7 26. Kf2 Rae8 27. Rd1 Bd7 28. b4
axb4 29. Bxb4 b6 30. Ra1 c5 31. Bc3 Qf7 32. Nxe4 Rxe4 33. Qxe4 Bf5 34. Qc6 Bxc2
35. Qxb6 Qh5 36. Kg1 g3 37. hxg3 Be4 38. Qxd6 Qh1+ 39. Kf2 Qf3+ 40. Ke1 Qxe3+
41. Kd1 Qd3+ 42. Ke1 Qxc3+ 43. Kf2 Qxd4+ 0-1

[Event "HZ Chess Tournament 2013"]
[Site "?"]
[Date "2013.08.06"]
[Round "5"]
[White "Meissner, Felix"]
[Black "Bottema, Martin"]
[Result "1/2-1/2"]
[WhiteElo "2295"]
[BlackElo "2087"]
[PlyCount "91"]
[EventDate "2013.??.??"]

1. e4 e5 2. Nf3 Nc6 3. Bc4 Bc5 4. c3 Nf6 5. d3 a6 6. Bb3 Ba7 7. O-O d6 8. h3 h6
9. Re1 O-O 10. Nbd2 Be6 11. Nf1 Bxb3 12. Qxb3 Qd7 13. Be3 Bxe3 14. Nxe3 Ne7 15.
Nh4 Kh7 16. Rad1 Ng6 17. Nhf5 Qb5 18. Qc2 Rfe8 19. a4 Qc6 20. Qb3 Qd7 21. a5
Nf4 22. Kh2 g6 23. Ng3 Kg7 24. Ne2 Nxe2 25. Rxe2 Qb5 26. Qxb5 axb5 27. b4 c6
28. f3 Kf8 29. c4 bxc4 30. dxc4 Ke7 31. Red2 Red8 32. Kg1 h5 33. g3 Ne8 34. Ra1
Nc7 35. Rb2 b6 36. b5 cxb5 37. cxb5 Rxa5 38. Rxa5 bxa5 39. b6 Na6 40. Ra2 Rb8
41. Nd5+ Kd7 42. Rxa5 Nc5 43. Ra7+ Rb7 44. Ra8 f5 45. exf5 gxf5 46. Rh8 1/2-1/2

[Event "HZ Chess Tournament 2013"]
[Site "?"]
[Date "2013.08.06"]
[Round "5"]
[White "Timmermans, Mark"]
[Black "Haak, Eelco"]
[Result "0-1"]
[WhiteElo "2287"]
[BlackElo "2056"]
[PlyCount "96"]
[EventDate "2013.??.??"]

1. e4 e6 2. d4 d5 3. Nd2 Nf6 4. e5 Nfd7 5. f4 c5 6. c3 Nc6 7. Ndf3 Qb6 8. g3
cxd4 9. cxd4 f6 10. Bh3 Bb4+ 11. Kf1 O-O 12. Kg2 fxe5 13. fxe5 Ndxe5 14. dxe5
Nxe5 15. Qe2 Nc4 16. b3 Bc3 17. Rb1 Kh8 18. Ng5 h6 19. Qc2 hxg5 20. bxc4 Qc6
21. Nf3 d4 22. Rf1 e5 23. Bxc8 Raxc8 24. Bxg5 Rce8 25. h4 Kg8 26. c5 Rf7 27.
Qe2 Ref8 28. Rbd1 Kh8 29. Rd3 e4 30. Rxc3 d3 31. Rxd3 exd3 32. Qxd3 Rd7 33. Qe3
Rd5 34. Rf2 Re8 35. Qf4 Rxc5 36. Qg4 Rc2 37. Rxc2 Qxc2+ 38. Kh3 Kg8 39. Bh6 Qc8
40. Be3 a5 41. Qxc8 Rxc8 42. Bb6 Rc3 43. Nd4 Ra3 44. Nb3 a4 45. Nc5 Rxa2 46.
Nxb7 Rb2 47. Nc5 a3 48. Na4 Rb4 0-1

[Event "HZ Chess Tournament 2013"]
[Site "?"]
[Date "2013.08.06"]
[Round "5"]
[White "Beerdsen, Thomas"]
[Black "Tiggelman, Rene"]
[Result "1-0"]
[WhiteElo "2071"]
[BlackElo "2285"]
[PlyCount "123"]
[EventDate "2013.??.??"]

1. e4 e6 2. d4 d5 3. Nc3 Nf6 4. e5 Nfd7 5. f4 c5 6. Nf3 Nc6 7. Be3 a6 8. Qd2 b5
9. dxc5 Bxc5 10. Bd3 Qb6 11. Bf2 Bxf2+ 12. Qxf2 Qxf2+ 13. Kxf2 Nc5 14. Ne2 Bb7
15. Ned4 O-O 16. Nxc6 Bxc6 17. Nd4 Bb7 18. Rhe1 f6 19. Kg3 Rae8 20. h4 Ne4+ 21.
Bxe4 dxe4 22. c3 Bd5 23. a4 Rb8 24. axb5 axb5 25. Ra5 b4 26. c4 Bxc4 27. Rxe4
f5 28. Nxf5 Rxf5 29. Rxc4 h6 30. Ra6 Re8 31. Rxb4 g5 32. hxg5 hxg5 33. Kg4 gxf4
34. Rxe6 Ref8 35. Rf6 R8xf6 36. exf6 Rxf6 37. Rxf4 Rc6 38. b4 Rc2 39. Kf3 Rb2
40. g4 Kg7 41. Ke3 Kg6 42. Kd3 Kg5 43. Rd4 Kf6 44. Kc4 Ke5 45. Kc5 Rc2+ 46. Rc4
Rd2 47. b5 Rd5+ 48. Kc6 Rd6+ 49. Kc7 Rg6 50. b6 Kd5 51. Rc1 Rg7+ 52. Kb8 Rxg4
53. b7 Kd6 54. Ka7 Ra4+ 55. Kb6 Rb4+ 56. Ka6 Rb2 57. Rc8 Ra2+ 58. Kb6 Rb2+ 59.
Ka7 Ra2+ 60. Kb8 Rb2 61. Rc1 Rh2 62. Ra1 1-0

[Event "HZ Chess Tournament 2013"]
[Site "?"]
[Date "2013.08.06"]
[Round "5"]
[White "Van Foreest, Jorden"]
[Black "Gutkind, Kedem"]
[Result "0-1"]
[WhiteElo "2284"]
[BlackElo "1969"]
[PlyCount "98"]
[EventDate "2013.??.??"]

1. Nf3 Nf6 2. c4 g6 3. Nc3 Bg7 4. g3 O-O 5. Bg2 d5 6. cxd5 Nxd5 7. d4 Nxc3 8.
bxc3 c5 9. O-O cxd4 10. cxd4 Nc6 11. e3 Bg4 12. h3 Bf5 13. Qe2 Be4 14. Bb2 Qd5
15. Rfd1 Rac8 16. Ne1 Bxg2 17. Nxg2 Nb4 18. Nf4 Qa5 19. Qe1 Qa4 20. Rab1 e6 21.
Nd3 Nxd3 22. Rxd3 Qc2 23. Rd2 Qe4 24. d5 exd5 25. Bxg7 Kxg7 26. Rxb7 Rc4 27.
Rxa7 Rfc8 28. Rd1 Qf3 29. Ra5 Rc2 30. Raxd5 Re2 31. Qf1 Rcc2 32. Qg2 Qxg2+ 33.
Kxg2 Rxf2+ 34. Kg1 Rg2+ 35. Kf1 Rcf2+ 36. Ke1 Rxa2 37. R1d2 Ra1+ 38. Rd1 Rxd1+
39. Rxd1 Rxg3 40. Kf2 Rxh3 41. Rd7 Rh5 42. Kf3 Rf5+ 43. Kg3 Re5 44. Kf4 Re6 45.
e4 Kf6 46. Rd8 h5 47. Rf8 g5+ 48. Ke3 Kg7 49. Ra8 f5 0-1

[Event "HZ Chess Tournament 2013"]
[Site "?"]
[Date "2013.08.06"]
[Round "5"]
[White "Stolwijk, Colin"]
[Black "Verstraeten, Rein"]
[Result "0-1"]
[WhiteElo "2036"]
[BlackElo "2281"]
[PlyCount "78"]
[EventDate "2013.??.??"]

1. e4 c5 2. c3 d5 3. exd5 Qxd5 4. d4 Nc6 5. Nf3 Bf5 6. Be3 cxd4 7. cxd4 Bxb1 8.
Rxb1 e6 9. a3 Nf6 10. Qc2 Bd6 11. Bc4 Qh5 12. Be2 Qg6 13. Qxg6 hxg6 14. O-O g5
15. g3 g4 16. Nd2 O-O-O 17. f3 Bc7 18. Nb3 Nd5 19. Bd2 Bb6 20. fxg4 Nxd4 21.
Nxd4 Bxd4+ 22. Kg2 f6 23. Bf3 Rd6 24. Rfd1 Rhd8 25. h4 e5 26. Kh2 Kb8 27. b3
Bc3 28. Bc1 Ba5 29. Bd2 Bxd2 30. Rxd2 Nc3 31. Rxd6 Rxd6 32. Rb2 e4 33. Rc2 Rd3
34. Be2 Nxe2 35. Rxe2 e3 36. Kg2 Rxb3 37. g5 fxg5 38. hxg5 Rxa3 39. Kf3 Kc7 0-1

[Event "HZ Chess Tournament 2013"]
[Site "?"]
[Date "2013.08.06"]
[Round "5"]
[White "Mostertman, Milan"]
[Black "Krosenbrink, Marcel"]
[Result "1-0"]
[WhiteElo "2280"]
[BlackElo "1949"]
[PlyCount "59"]
[EventDate "2013.??.??"]

1. e4 c6 2. d4 d5 3. e5 Bf5 4. h4 h6 5. g4 Bd7 6. Be3 e6 7. Nd2 c5 8. c3 Nc6 9.
Ne2 Qb6 10. Rb1 Rc8 11. a3 Nge7 12. h5 cxd4 13. cxd4 Na5 14. Nc3 a6 15. Bd3 Bb5
16. Nxb5 axb5 17. a4 b4 18. Bb5+ Nec6 19. O-O Be7 20. f4 Qd8 21. Nf3 Nc4 22.
Bc1 Qb6 23. Kh1 Kd8 24. Bxc4 dxc4 25. d5 exd5 26. Qxd5+ Ke8 27. Qxc4 Na7 28.
Qe4 Qa6 29. Be3 Nc6 30. e6 1-0

[Event "HZ Chess Tournament 2013"]
[Site "?"]
[Date "2013.08.06"]
[Round "5"]
[White "Senders, Justin"]
[Black "Kerigan, Demre"]
[Result "0-1"]
[WhiteElo "1938"]
[BlackElo "2257"]
[PlyCount "104"]
[EventDate "2013.??.??"]

1. e4 e5 2. Nf3 Nf6 3. Nxe5 d6 4. Nf3 Nxe4 5. Nc3 Nxc3 6. dxc3 Be7 7. Be3 Nc6
8. Qd2 Be6 9. Nd4 Nxd4 10. cxd4 Qd7 11. d5 Bf5 12. O-O-O O-O 13. f3 Qa4 14. Kb1
c5 15. g4 Bg6 16. h4 h6 17. h5 Bh7 18. g5 Bxg5 19. Bxg5 hxg5 20. h6 Qf4 21.
hxg7 Kxg7 22. Qxf4 gxf4 23. Rh4 Rae8 24. Rxf4 Re3 25. Bb5 Bg6 26. Rg1 Re5 27.
Bc4 Rfe8 28. Kc1 Re1+ 29. Rxe1 Rxe1+ 30. Kd2 Re5 31. a4 Rh5 32. Rg4 Rh2+ 33.
Be2 Kf6 34. c3 Bh5 35. Re4 Kg5 36. Ke3 f5 37. Re6 f4+ 38. Kd3 Bg6+ 39. Kd2 Bh5
40. Kd3 Rf2 41. Rxd6 c4+ 42. Kd2 Bxf3 43. Re6 Bg4 44. Ke1 Bxe6 45. dxe6 Rh2 46.
Bxc4 Kf6 47. b4 Rc2 48. Bd5 Rxc3 49. Kd2 Ra3 50. a5 b6 51. axb6 axb6 52. b5 Re3
0-1

[Event "HZ Chess Tournament 2013"]
[Site "?"]
[Date "2013.08.06"]
[Round "5"]
[White "Cebula, Jerzy"]
[Black "Kuling, Lody"]
[Result "0-1"]
[WhiteElo "1981"]
[BlackElo "2246"]
[PlyCount "118"]
[EventDate "2013.??.??"]

1. e4 c5 2. Nf3 d6 3. d4 cxd4 4. Nxd4 Nf6 5. Nc3 a6 6. Be3 Nbd7 7. f4 e6 8. Qf3
Qc7 9. Bd3 b5 10. a3 Bb7 11. O-O Nc5 12. Rac1 Rc8 13. Nde2 Be7 14. h3 O-O 15.
b4 Ncd7 16. Qf2 Bd8 17. Kh1 Re8 18. Bd4 e5 19. fxe5 dxe5 20. Be3 Qd6 21. Nb1
Bb6 22. Nd2 Bxe3 23. Qxe3 Nb6 24. Nb3 Nc4 25. Bxc4 Rxc4 26. Na5 Rxe4 27. Nxb7
Rxe3 28. Nxd6 Re6 29. Rfd1 Rxe2 30. c4 bxc4 31. Rxc4 h6 32. Rc6 Ne4 33. Rc8+
Kh7 34. Nxe4 Rxe4 35. Rcd8 Re3 36. R8d3 Rxd3 37. Rxd3 e4 38. Re3 f5 39. Kg1 Kg6
40. a4 Rb6 41. b5 axb5 42. Rb3 b4 43. Kf2 Kf6 44. Ke3 Ke5 45. h4 Rb8 46. a5 Ra8
47. Rxb4 Rxa5 48. Rb7 f4+ 49. Ke2 Ra2+ 50. Kf1 g6 51. Rb6 Kf5 52. h5 g5 53.
Rxh6 Kg4 54. Re6 Ra1+ 55. Ke2 f3+ 56. gxf3+ exf3+ 57. Kf2 Ra2+ 58. Kf1 Kg3 59.
Re1 Rh2 0-1

[Event "HZ Chess Tournament 2013"]
[Site "?"]
[Date "2013.08.06"]
[Round "5"]
[White "Timmermans, Ivo"]
[Black "Blankert, Willem"]
[Result "1-0"]
[WhiteElo "2214"]
[BlackElo "2000"]
[PlyCount "107"]
[EventDate "2013.??.??"]

1. e4 e6 2. d4 d5 3. Nc3 Bb4 4. e5 c5 5. a3 Bxc3+ 6. bxc3 Qa5 7. Bd2 Qa4 8. Qg4
Kf8 9. Qd1 Nc6 10. Nf3 Nge7 11. Qb1 c4 12. h4 h6 13. h5 Ke8 14. g3 Kd8 15. Bh3
Kc7 16. O-O Bd7 17. Ra2 Rag8 18. Qd1 Kb8 19. Qe2 Rf8 20. Rb1 Bc8 21. Nh2 Nd8
22. Rb4 Qe8 23. a4 Ndc6 24. Rb1 g5 25. Bc1 f5 26. exf6 Rxf6 27. Ba3 Rhf8 28.
Ng4 Qxh5 29. Bxe7 Rxf2 30. Bd6+ Ka8 31. Qxf2 Rxf2 32. Nxf2 Qf3 33. Ra3 h5 34.
Re1 g4 35. Bg2 Qf5 36. Re2 Qg6 37. Ra1 Nd8 38. Rf1 Nf7 39. Bf4 b6 40. a5 b5 41.
Ne4 Kb7 42. Nc5+ Kc6 43. a6 b4 44. cxb4 c3 45. Nd3 Bxa6 46. Rfe1 Bc8 47. Ra1 a6
48. Ra3 h4 49. Rxc3+ Kd7 50. gxh4 Qf6 51. Ne5+ Nxe5 52. Rc7+ Kd8 53. Bg5 Qxg5
54. Rxc8+ 1-0

[Event "HZ Chess Tournament 2013"]
[Site "?"]
[Date "2013.08.06"]
[Round "5"]
[White "Van de Wynkele, Eric"]
[Black "Lacrosse, Marc"]
[Result "0-1"]
[WhiteElo "1981"]
[BlackElo "2203"]
[PlyCount "93"]
[EventDate "2013.??.??"]

1. e4 e5 2. Nc3 Nf6 3. g3 Bc5 4. Bg2 Nc6 5. d3 a6 6. h3 d6 7. Nge2 Be6 8. Nd5
h6 9. c3 Bxd5 10. exd5 Ne7 11. a3 O-O 12. O-O Qd7 13. Kh2 Rac8 14. b4 Ba7 15.
Ra2 c6 16. dxc6 Nxc6 17. a4 d5 18. b5 Ne7 19. Qb3 Rcd8 20. f4 e4 21. Rd1 Qc8
22. b6 Bb8 23. Ba3 Rfe8 24. Rc2 Nc6 25. Bc5 Qf5 26. d4 Na5 27. Qb1 Nc4 28. Qc1
Qe6 29. Rf1 Qc6 30. Ra2 Nd7 31. f5 f6 32. Nf4 Bxf4 33. Rxf4 Nxc5 34. dxc5 Qxc5
35. Rg4 Qe3 36. Qf1 Nd2 37. Qd1 Nc4 38. Re2 Qxb6 39. Rg6 Ne5 40. Rd2 Nxg6 41.
fxg6 f5 42. Rxd5 Rxd5 43. Qxd5+ Qe6 44. Qxb7 Qxg6 45. Bf1 Rd8 46. Bc4+ Kh8 47.
Bxa6 0-1

[Event "HZ Chess Tournament 2013"]
[Site "?"]
[Date "2013.08.06"]
[Round "5"]
[White "Goormachtigh, Johan"]
[Black "Tikranian, Alik"]
[Result "1/2-1/2"]
[WhiteElo "2182"]
[BlackElo "2006"]
[PlyCount "98"]
[EventDate "2013.??.??"]

1. d4 d5 2. Nf3 Nf6 3. c4 c6 4. Nc3 e6 5. e3 Nbd7 6. Bd3 Bd6 7. O-O O-O 8. e4
dxc4 9. Bxc4 e5 10. Bg5 h6 11. Bh4 Re8 12. d5 Qc7 13. Rc1 Nb6 14. Bb3 Qe7 15.
Re1 Bd7 16. dxc6 bxc6 17. Nd2 Rad8 18. Nf1 Bc5 19. Ne3 Bd4 20. Qc2 g5 21. Bg3
Nh5 22. Nf5 Bxf5 23. exf5 Qf6 24. Ne4 Qxf5 25. Qe2 Nxg3 26. hxg3 Qg6 27. Qf3
Nd5 28. Rxc6 Qxc6 29. Bxd5 Rxd5 30. Nf6+ Qxf6 31. Qxf6 Re6 32. Qf3 Rdd6 33. Re2
Rc6 34. g4 Rf6 35. Qd5 Rc1+ 36. Kh2 Rf1 37. f3 Re6 38. Rc2 Kg7 39. b4 Rf6 40.
Re2 Rf4 41. Re4 Rf6 42. a4 Rb1 43. b5 a6 44. Rxe5 Bxe5+ 45. Qxe5 axb5 46. axb5
Rb4 47. Kg3 Rb1 48. Kf2 Rb4 49. Kg3 Rb1 1/2-1/2

[Event "HZ Chess Tournament 2013"]
[Site "?"]
[Date "2013.08.06"]
[Round "5"]
[White "Dijkhuis, Tycho"]
[Black "Milort, Gerard"]
[Result "1-0"]
[WhiteElo "2176"]
[BlackElo "1983"]
[PlyCount "101"]
[EventDate "2013.??.??"]

1. e4 d6 2. d4 g6 3. Nc3 Bg7 4. Bc4 Nf6 5. Qe2 c6 6. e5 dxe5 7. dxe5 Nd5 8. Bd2
Be6 9. O-O-O Nd7 10. f4 N7b6 11. Bb3 Nxc3 12. Bxc3 Nd5 13. Nf3 Qc7 14. Bd2 Bh6
15. g3 Bg4 16. c4 Nb6 17. Ba5 O-O 18. Rde1 c5 19. h3 Be6 20. h4 Bg4 21. Qf2 f6
22. exf6 exf6 23. Nh2 Bf5 24. h5 gxh5 25. Nf1 Bg6 26. Ne3 Rae8 27. Bd1 Qf7 28.
Bxb6 axb6 29. Nd5 Re6 30. Rxe6 Qxe6 31. Re1 Qd6 32. Qh2 Re8 33. Rxe8+ Bxe8 34.
Bxh5 Bxh5 35. Qxh5 Bg7 36. Qe8+ Bf8 37. f5 Qe5 38. Qxe5 fxe5 39. Nxb6 Kg7 40.
Kd2 Kh6 41. Ke3 Kg5 42. Ke4 Kg4 43. Nd7 Bd6 44. f6 Kxg3 45. Kd5 h5 46. Kxd6 h4
47. f7 h3 48. f8=Q h2 49. Qg7+ Kf2 50. Qh6 Kg2 51. Qxh2+ 1-0

[Event "HZ Chess Tournament 2013"]
[Site "?"]
[Date "2013.08.06"]
[Round "5"]
[White "Van Der Heide, Auke"]
[Black "Dijkstra, Arjan"]
[Result "1-0"]
[WhiteElo "2163"]
[BlackElo "1982"]
[PlyCount "79"]
[EventDate "2013.??.??"]

1. d4 d5 2. c4 e6 3. Nf3 c6 4. g3 Nf6 5. Bg2 Nbd7 6. Nbd2 Be7 7. Qc2 O-O 8. O-O
b6 9. b3 Bb7 10. Bb2 Rc8 11. Rad1 Qc7 12. e4 Nxe4 13. Nxe4 dxe4 14. Qxe4 Nf6
15. Qe5 c5 16. d5 exd5 17. cxd5 Rfd8 18. Rfe1 Qxe5 19. Nxe5 Bxd5 20. Nc6 Bxc6
21. Rxd8+ Rxd8 22. Bxc6 Kf8 23. Re2 Ne8 24. Kg2 Bf6 25. Bc1 Nc7 26. h4 Ne6 27.
Be4 Nd4 28. Rd2 g6 29. Rd1 Re8 30. Bd3 h5 31. Bh6+ Bg7 32. Bf4 f5 33. Bd6+ Kf7
34. Bc4+ Ne6 35. Re1 Bc3 36. Re2 Kf6 37. Kf1 Nc7 38. Bxc7 Rc8 39. Bf4 Rd8 40.
Bg5+ 1-0

[Event "HZ Chess Tournament 2013"]
[Site "?"]
[Date "2013.08.06"]
[Round "5"]
[White "Sparreboom, Wil"]
[Black "Van Osch, Mees"]
[Result "0-1"]
[WhiteElo "1977"]
[BlackElo "2163"]
[PlyCount "70"]
[EventDate "2013.??.??"]

1. d4 Nf6 2. c4 c5 3. d5 b5 4. cxb5 a6 5. bxa6 Bxa6 6. Nc3 g6 7. e4 Bxf1 8.
Kxf1 d6 9. Nf3 Bg7 10. g3 O-O 11. Kg2 Nbd7 12. h3 Qa5 13. Re1 Rfb8 14. Qc2 Ne8
15. Bg5 Bxc3 16. bxc3 f6 17. Be3 Nc7 18. a4 Nb6 19. Reb1 Nc4 20. Bh6 Rxb1 21.
Qxb1 Qxc3 22. Ra2 Qa5 23. Nd2 Qb6 24. Qxb6 Nxb6 25. a5 Nd7 26. Nc4 Kf7 27. Bd2
Rh8 28. f4 f5 29. e5 dxe5 30. d6 exd6 31. Nxd6+ Ke6 32. fxe5 Nxe5 33. Bf4 Kxd6
34. Rd2+ Nd5 35. h4 c4 0-1

[Event "HZ Chess Tournament 2013"]
[Site "?"]
[Date "2013.08.06"]
[Round "5"]
[White "Ijzermans, Cees"]
[Black "Gijsen, Stief"]
[Result "1/2-1/2"]
[WhiteElo "1959"]
[BlackElo "2142"]
[PlyCount "141"]
[EventDate "2013.??.??"]

1. e4 e5 2. Nf3 Nc6 3. Bb5 a6 4. Bxc6 dxc6 5. h3 c5 6. O-O Bd6 7. Qe2 Ne7 8. c3
Ng6 9. d3 O-O 10. Na3 Kh8 11. Nc4 f6 12. Rd1 Be6 13. Be3 Qe8 14. b3 Rd8 15. Qc2
f5 16. Bg5 Rd7 17. exf5 Bxf5 18. Qe2 h6 19. Bc1 Re7 20. Ne1 e4 21. d4 Nf4 22.
Bxf4 Bxf4 23. Nc2 cxd4 24. cxd4 Qg6 25. Kh1 e3 26. N2xe3 Be4 27. Qg4 b5 28.
Qxg6 Bxg6 29. Nd5 Re2 30. Nxf4 Rxf4 31. Ne5 Bc2 32. f3 Kh7 33. Re1 Rxe1+ 34.
Rxe1 Rxd4 35. Rc1 Rd1+ 36. Rxd1 Bxd1 37. Kg1 g5 38. Kf2 Kg7 39. Ke3 Bc2 40. Kd4
Kf6 41. Ng4+ Kg6 42. Kc5 h5 43. Ne3 Bd3 44. Kd4 Be2 45. Kc3 b4+ 46. Kxb4 Kf6
47. Kc3 Ke5 48. Kd2 Bb5 49. g3 Bd7 50. g4 h4 51. Ng2 Kd4 52. Ne1 Be6 53. Nc2+
Ke5 54. Ke3 c5 55. Na3 Bf7 56. Nc4+ Kd5 57. Nb6+ Kc6 58. Nc4 Kd5 59. Nb6+ Kc6
60. Na4 c4 61. bxc4 Bxc4 62. a3 Bf1 63. Nc3 Bxh3 64. Ne4 Bf1 65. Nxg5 h3 66.
Nxh3 Bxh3 67. Kd2 Kd5 68. Kc3 Ke5 69. a4 Kf4 70. a5 Kxf3 71. Kb2 1/2-1/2

[Event "HZ Chess Tournament 2013"]
[Site "?"]
[Date "2013.08.06"]
[Round "5"]
[White "Herbold, Manfred"]
[Black "Roelofs, Rik"]
[Result "1/2-1/2"]
[WhiteElo "2140"]
[BlackElo "1975"]
[PlyCount "40"]
[EventDate "2013.??.??"]

1. e4 c6 2. d4 d5 3. Nd2 dxe4 4. Nxe4 Nd7 5. Ng5 e6 6. Bd3 Ngf6 7. N1f3 Be7 8.
Nxf7 Kxf7 9. Ng5+ Kg8 10. Nxe6 Qa5+ 11. Bd2 Qh5 12. Be2 Qf5 13. Ng5 Nb6 14. O-O
h6 15. Bd3 Qd5 16. Qe2 Bd6 17. c4 hxg5 18. cxd5 Bxh2+ 19. Kh1 Bg3+ 20. Kg1 Bh2+
1/2-1/2

[Event "HZ Chess Tournament 2013"]
[Site "?"]
[Date "2013.08.06"]
[Round "5"]
[White "Bekkink, Sereyo"]
[Black "Stange, Sven"]
[Result "1/2-1/2"]
[WhiteElo "1937"]
[BlackElo "2137"]
[PlyCount "41"]
[EventDate "2013.??.??"]

1. e4 e5 2. Nf3 Nf6 3. Nxe5 d6 4. Nf3 Nxe4 5. Nc3 Nxc3 6. dxc3 Be7 7. Be3 Nc6
8. Qd2 Be6 9. O-O-O Qd7 10. Kb1 Bf6 11. Bg5 Bxg5 12. Qxg5 f6 13. Qe3 O-O 14.
Nd4 Bf7 15. Nxc6 bxc6 16. Bd3 Rfe8 17. Qf4 Re5 18. g4 c5 19. g5 Qe6 20. gxf6
Qxf6 21. Qxf6 1/2-1/2

[Event "HZ Chess Tournament 2013"]
[Site "?"]
[Date "2013.08.06"]
[Round "5"]
[White "Verbruggen, Samuel"]
[Black "De Wolf, Johan"]
[Result "1/2-1/2"]
[WhiteElo "1918"]
[BlackElo "2129"]
[PlyCount "28"]
[EventDate "2013.??.??"]

1. e4 d5 2. exd5 Nf6 3. c4 c6 4. Nc3 cxd5 5. d4 e6 6. Nf3 Be7 7. cxd5 Nxd5 8.
Bd3 Nc6 9. O-O O-O 10. Re1 Nf6 11. a3 g6 12. Bc4 Nd5 13. Bh6 Re8 14. Rc1 Nxc3
1/2-1/2

[Event "HZ Chess Tournament 2013"]
[Site "?"]
[Date "2013.08.06"]
[Round "5"]
[White "Rosmuller, Anton"]
[Black "Van De Groep, William"]
[Result "1-0"]
[WhiteElo "2091"]
[BlackElo "1960"]
[PlyCount "83"]
[EventDate "2013.??.??"]

1. d4 f5 2. g3 Nf6 3. Bg2 g6 4. Nd2 Bg7 5. e4 fxe4 6. Nxe4 Nxe4 7. Bxe4 Nc6 8.
d5 Ne5 9. f4 Nf7 10. Nf3 c6 11. c3 O-O 12. Be3 Qa5 13. dxc6 bxc6 14. O-O d5 15.
Bc2 Bg4 16. Qe1 Bxf3 17. Rxf3 e5 18. Rf2 e4 19. b4 Qc7 20. Bb3 Nh6 21. Re2 Ng4
22. Bc5 Rf7 23. Rd1 Bf8 24. Bd4 a5 25. a4 axb4 26. cxb4 g5 27. Rg2 Bg7 28. Bxg7
Kxg7 29. Qc3+ Kg6 30. h3 Nf6 31. Rf1 g4 32. f5+ Kg7 33. hxg4 Qb6+ 34. Kh1 d4
35. Qc1 Nd5 36. b5 Rd8 37. Qg5+ Kh8 38. Rc1 Rg7 39. Qh4 Ne3 40. f6 Rxg4 41. Qh5
Rg6 42. Rh2 1-0

[Event "HZ Chess Tournament 2013"]
[Site "?"]
[Date "2013.08.06"]
[Round "5"]
[White "Hemmes, Maarten"]
[Black "Hekhuis, Jeroen"]
[Result "1/2-1/2"]
[WhiteElo "1811"]
[BlackElo "2068"]
[PlyCount "39"]
[EventDate "2013.??.??"]

1. e4 c5 2. Nf3 d6 3. d4 cxd4 4. Nxd4 Nf6 5. Nc3 g6 6. Be3 Bg7 7. Be2 O-O 8.
O-O Nc6 9. Nb3 Be6 10. f4 Na5 11. Nxa5 Qxa5 12. Bd4 Rfc8 13. Bf3 Rc7 14. Ne2
Rac8 15. c3 Qb5 16. b3 a5 17. c4 Qa6 18. Nc3 Re8 19. Qd2 Rcc8 20. Kh1 1/2-1/2

[Event "HZ Chess Tournament 2013"]
[Site "?"]
[Date "2013.08.06"]
[Round "5"]
[White "Ratsma, Midas"]
[Black "De Boer, Robert"]
[Result "0-1"]
[WhiteElo "2057"]
[BlackElo "1959"]
[PlyCount "48"]
[EventDate "2013.??.??"]

1. d4 Nf6 2. c4 g6 3. g3 Bg7 4. Nc3 d5 5. cxd5 Nxd5 6. Bg2 Nb6 7. Nf3 O-O 8.
O-O Nc6 9. d5 Na5 10. e4 c6 11. dxc6 Nxc6 12. Qe2 Be6 13. Rd1 Qc8 14. Be3 Bc4
15. Qe1 Nb4 16. Rd2 Rd8 17. Rxd8+ Qxd8 18. Rd1 Qc7 19. Bxb6 Qxb6 20. b3 Nd3 21.
Qd2 Bxc3 22. Qxc3 Qxf2+ 23. Kh1 Qe3 24. Qd2 Nf2+ 0-1

[Event "HZ Chess Tournament 2013"]
[Site "?"]
[Date "2013.08.06"]
[Round "5"]
[White "Lentjes, Noud"]
[Black "Roskam, Mathieu"]
[Result "1/2-1/2"]
[WhiteElo "2027"]
[BlackElo "1901"]
[PlyCount "48"]
[EventDate "2013.??.??"]

1. e4 d5 2. exd5 Qxd5 3. Nc3 Qd6 4. Bc4 a6 5. d3 Nf6 6. Be3 Nbd7 7. f3 b5 8.
Bb3 Bb7 9. a4 Nc5 10. Bxc5 Qxc5 11. axb5 axb5 12. Rxa8+ Bxa8 13. Qa1 Bc6 14.
Qa6 Kd7 15. d4 Qxd4 16. Nge2 Qc5 17. Bxf7 e5 18. Qa2 Bd6 19. Qe6+ Kd8 20. Ng3
b4 21. Nce4 Nxe4 22. Nxe4 Bxe4 23. fxe4 Qxc2 24. O-O Rf8 1/2-1/2

[Event "HZ Chess Tournament 2013"]
[Site "?"]
[Date "2013.08.06"]
[Round "5"]
[White "Bakels, Anton"]
[Black "Maas, Joop"]
[Result "1-0"]
[WhiteElo "2022"]
[BlackElo "1891"]
[PlyCount "41"]
[EventDate "2013.??.??"]

1. e4 c6 2. d4 d5 3. Nc3 dxe4 4. Nxe4 Nd7 5. Ng5 Ndf6 6. Bc4 e6 7. Ne2 Bd6 8.
Ng3 Ne7 9. Nh5 Nxh5 10. Qxh5 Ng6 11. O-O Qf6 12. Re1 Nf4 13. Bxf4 Bxf4 14. Nxe6
Kd7 15. Nxf4 Qxf4 16. d5 g6 17. dxc6+ Kxc6 18. Qd5+ Kc7 19. Re7+ Kb8 20. Ba6
Qb4 21. Qe5+ 1-0

[Event "HZ Chess Tournament 2013"]
[Site "?"]
[Date "2013.08.06"]
[Round "5"]
[White "Hertog, Bart"]
[Black "Verwoert, Jef"]
[Result "0-1"]
[WhiteElo "1597"]
[BlackElo "2011"]
[PlyCount "55"]
[EventDate "2013.??.??"]

1. e4 c5 2. Nf3 g6 3. Bd3 Nc6 4. c3 Nf6 5. Bc2 d6 6. h3 Bg7 7. O-O O-O 8. Re1
b6 9. d4 cxd4 10. cxd4 Nb4 11. Bb3 Ba6 12. Bg5 h6 13. Bh4 Rc8 14. Re3 d5 15.
Bxf6 exf6 16. e5 fxe5 17. Nxe5 Bxe5 18. dxe5 d4 19. Rg3 Kg7 20. a3 Nd3 21. Nd2
Nxe5 22. f4 Nd3 23. Qg4 Qf6 24. f5 Rc1+ 25. Rxc1 Nxc1 26. Ne4 h5 27. Qxh5 Ne2+
28. Kh2 0-1

[Event "HZ Chess Tournament 2013"]
[Site "?"]
[Date "2013.08.06"]
[Round "5"]
[White "Rijnaarts, Sjef"]
[Black "Minnema, Rens"]
[Result "1-0"]
[WhiteElo "2354"]
[BlackElo "1952"]
[PlyCount "39"]
[EventDate "2013.??.??"]

1. e4 c5 2. Nf3 d6 3. d4 cxd4 4. Nxd4 Nf6 5. Nc3 a6 6. Be3 Nbd7 7. f3 e6 8. Qd2
Be7 9. O-O-O O-O 10. g4 b5 11. Nc6 Qe8 12. Nxe7+ Qxe7 13. Qxd6 Qxd6 14. Rxd6
Ne5 15. Be2 Bb7 16. Bf4 Nc4 17. Bxc4 bxc4 18. Rb6 Ra7 19. Rb4 Rc8 20. Be3 1-0

[Event "HZ Chess Tournament 2013"]
[Site "?"]
[Date "2013.08.06"]
[Round "5"]
[White "Gunther, Marcella"]
[Black "Colijn, Stefan"]
[Result "0-1"]
[WhiteElo "1949"]
[BlackElo "2276"]
[PlyCount "79"]
[EventDate "2013.??.??"]

1. d4 Nf6 2. c4 Nc6 3. Nf3 e6 4. Nc3 Bb4 5. Qc2 d6 6. a3 Bxc3+ 7. Qxc3 h6 8. e3
O-O 9. Be2 Re8 10. O-O e5 11. dxe5 dxe5 12. Rd1 Qe7 13. b4 e4 14. Nd4 Ne5 15.
h3 c6 16. Bb2 Nh7 17. f4 exf3 18. Nxf3 Nxf3+ 19. Bxf3 Qg5 20. h4 Qg3 21. Rd6
Be6 22. Rad1 Nf6 23. R6d4 Rac8 24. Rf4 Qg6 25. Rf1 b5 26. Be2 Bh3 27. R1f2 Ne4
28. Rxe4 Rxe4 29. Bd3 Rce8 30. cxb5 cxb5 31. Bxb5 Rg4 32. Qc6 Re6 33. Qa8+ Kh7
34. Bd7 Bxg2 35. Rxg2 Qb1+ 36. Kh2 Rxh4+ 37. Kg3 Qe1+ 38. Rf2 Rg6+ 39. Kxh4
Qxf2+ 40. Kh3 0-1